Sociální a soukromé pojištění

Enregistré dans:
Détails bibliographiques
Auteur principal: Vostatek, Jaroslav
Format: Livre
Langue:tchèque
Publié: Praha CODEX Bohemia 2000
Sujets:
Tags: Ajouter un tag
Pas de tags, Soyez le premier à ajouter un tag!

MARC

LEADER 00000nam a2200000 4500
001 c124283
005 20221108093421.6
020 |a 80-85963-21-3 
041 0 |a cze 
044 |a CZ 
245 1 0 |a Sociální a soukromé pojištění  |c Jaroslav Vostatek 
264 1 |a Praha  |b CODEX Bohemia  |c 2000 
300 |a 601 s. 
610 2 0 |a poistenie 
610 2 0 |a poistenie sociálne 
610 2 0 |a poistenie súkromné 
610 2 0 |a dávky sociálne 
610 2 0 |a dávky poistné 
610 2 0 |a poistenie životné 
610 2 0 |a poistenie nemocenské 
610 2 0 |a poistenie úrazové 
610 2 0 |a poistenie vozidiel motorových 
610 2 0 |a poistenie majetku 
610 2 0 |a poistenie podnikov 
100 1 |a Vostatek, Jaroslav